[Event "AUT-chT2W 0910"]
[Site "Austria"]
[Date "2009.10.24"]
[Round "2.3"]
[White "Micheli, Carlo"]
[Black "Eybl, Alexander"]
[Result "0-1"]
[WhiteElo "2293"]
[BlackElo "2259"]
[PlyCount "54"]
[EventDate "2009.10.23"]
[EventType "team-tourn"]
[EventRounds "11"]
[EventCountry "AUT"]
[SourceTitle "CBM 133 Extra"]
[Source "ChessBase"]
[SourceDate "2010.01.05"]
[SourceVersion "1"]
[SourceVersionDate "2010.01.05"]
[SourceQuality "1"]
[WhiteTeam "Jenbach II"]
[BlackTeam "Rochade Rum"]
[WhiteTeamCountry "AUT"]
[BlackTeamCountry "AUT"]

1. Nf3 Nf6 2. c4 e6 3. Nc3 d5 4. d4 Bb4 5. Qb3 c5 6. Bg5 Nc6 7. e3 Na5 8. Qc2 Nxc4 9. Bxc4 dxc4 10. 0-0 0-0 11. Ne4 cxd4 12. Rfd1 Be7 13. Rxd4 Nd5 14. Rxc4 Bd7 15. Bxe7 Qxe7 16. Neg5 f5 17. e4 fxe4 18. Qxe4 Rf5 19. h4 g6 20. Re1 Re8 21. g3 Ref8 22. Nd4 Rxf2 23. Ndxe6 Qd6 24. Qg4 Ne3 25. Ne4 Rf1+ 26. Rxf1 Rxf1+ 27. Kh2 Nxg4+ 0-1

[Event "AUT-chT2W 0809"]
[Site "Austria"]
[Date "2009.03.08"]
[Round "11.4"]
[White "Eybl, Alexander"]
[Black "Bezler, Rainer"]
[Result "1/2-1/2"]
[WhiteElo "2270"]
[BlackElo "2245"]
[PlyCount "89"]
[EventDate "2008.10.17"]
[EventType "tourn"]
[EventRounds "11"]
[EventCountry "AUT"]
[SourceTitle "EXT 2010"]
[Source "ChessBase"]
[SourceDate "2010.11.25"]
[SourceVersion "1"]
[SourceVersionDate "2010.11.25"]
[SourceQuality "1"]
[WhiteTeam "Rochade Rum"]
[BlackTeam "Bregenz"]
[WhiteTeamCountry "AUT"]
[BlackTeamCountry "AUT"]

1. Nf3 g6 2. g3 Bg7 3. Bg2 e5 4. d3 Nc6 5. c4 f5 6. 0-0 Nf6 7. Nc3 0-0 8. Rb1 a5 9. a3 d6 10. b4 axb4 11. axb4 h6 12. b5 Ne7 13. c5 Be6 14. cxd6 cxd6 15. Bd2 Nd7 16. Qc2 Nc5 17. Be3 Rc8 18. Na4 Nxa4 19. Qxa4 Ra8 20. Qh4 Nd5 21. Bg5 Qe8 22. Bxh6 Nc3 23. Rb2 Ra4 24. Qh3 f4 25. g4 Qd7 26. Bxg7 Kxg7 27. Ng5 Rh8 28. Nxe6+ Qxe6 29. Qf3 d5 30. Rc1 Rc8 31. Kf1 b6 32. g5 Rc7 33. Bh3 Qe7 34. Qg4 f3 35. Qxf3 Qxg5 36. Rbc2 d4 37. Be6 Rca7 38. Qg3 Qf6 39. Bc4 Ra8 40. Kg2 R4a7 41. e3 Ra1 42. Qf3 Qg5+ 43. Qg3 Qf6 44. Qf3 Qg5+ 45. Qg3 1/2-1/2

[Event "AUT-chT2W 0809"]
[Site "Austria"]
[Date "2009.01.18"]
[Round "8.3"]
[White "Juergens, Klaus"]
[Black "Eybl, Alexander"]
[Result "0-1"]
[WhiteElo "2196"]
[BlackElo "2270"]
[PlyCount "82"]
[EventDate "2008.10.17"]
[EventType "tourn"]
[EventRounds "11"]
[EventCountry "AUT"]
[SourceTitle "EXT 2010"]
[Source "ChessBase"]
[SourceDate "2010.11.25"]
[SourceVersion "1"]
[SourceVersionDate "2010.11.25"]
[SourceQuality "1"]
[WhiteTeam "Salzburg"]
[BlackTeam "Rochade Rum"]
[WhiteTeamCountry "AUT"]
[BlackTeamCountry "AUT"]

1. Nf3 Nf6 2. c4 e6 3. g3 d5 4. Bg2 Be7 5. 0-0 0-0 6. b3 c5 7. Bb2 Nc6 8. e3 d4 9. exd4 cxd4 10. Re1 Ne8 11. a3 a5 12. d3 f6 13. Nbd2 Nc7 14. h3 e5 15. g4 Ne6 16. Nf1 Nf4 17. Bc1 Nxg2 18. Kxg2 b6 19. Ng3 Bb7 20. Rg1 Qd7 21. Kf1 Nd8 22. Nf5 Nf7 23. Qe2 Rae8 24. h4 Bc5 25. Nd2 Nd6 26. Nxd6 Bxd6 27. Ne4 Be7 28. Ng3 b5 29. a4 bxc4 30. bxc4 Bb4 31. f3 Bc6 32. Qd1 Bc3 33. Ra2 Rb8 34. Ne4 Rb1 35. Ke2 Rfb8 36. Qc2 Bxe4 37. fxe4 h5 38. Kf3 hxg4+ 39. Rxg4 f5 40. exf5 Qxf5+ 41. Kg3 Be1+ 0-1

[Event "AUT-chT2W 0809"]
[Site "Austria"]
[Date "2008.10.19"]
[Round "3.3"]
[White "Eybl, Alexander"]
[Black "Gruber, Michael"]
[Result "1/2-1/2"]
[WhiteElo "2270"]
[BlackElo "2112"]
[PlyCount "50"]
[EventDate "2008.10.17"]
[EventType "tourn"]
[EventRounds "11"]
[EventCountry "AUT"]
[SourceTitle "EXT 2010"]
[Source "ChessBase"]
[SourceDate "2010.11.25"]
[SourceVersion "1"]
[SourceVersionDate "2010.11.25"]
[SourceQuality "1"]
[WhiteTeam "Rochade Rum"]
[BlackTeam "Schwaz"]
[WhiteTeamCountry "AUT"]
[BlackTeamCountry "AUT"]

1. Nf3 f5 2. d3 d6 3. e4 e5 4. Nc3 Nc6 5. exf5 Bxf5 6. d4 Nf6 7. Bb5 exd4 8. Nxd4 Bd7 9. 0-0 Nxd4 10. Bxd7+ Qxd7 11. Qxd4 Be7 12. Re1 0-0 13. Nd5 Rae8 14. Bg5 b6 15. Rxe7 Rxe7 16. Bxf6 gxf6 17. Nxf6+ Rxf6 18. Qxf6 Re2 19. Qg5+ Kh8 20. Qf6+ Kg8 21. Rc1 Qe8 22. Qg5+ Kh8 23. Qf6+ Kg8 24. Qg5+ Kh8 25. Qf6+ Kg8 1/2-1/2

[Event "AUT-chT2W 0809"]
[Site "Austria"]
[Date "2008.10.18"]
[Round "2.3"]
[White "Micheli, Carlo"]
[Black "Eybl, Alexander"]
[Result "1/2-1/2"]
[WhiteElo "2289"]
[BlackElo "2270"]
[PlyCount "116"]
[EventDate "2008.10.17"]
[EventType "tourn"]
[EventRounds "11"]
[EventCountry "AUT"]
[SourceTitle "EXT 2010"]
[Source "ChessBase"]
[SourceDate "2010.11.25"]
[SourceVersion "1"]
[SourceVersionDate "2010.11.25"]
[SourceQuality "1"]
[WhiteTeam "Jenbach II"]
[BlackTeam "Rochade Rum"]
[WhiteTeamCountry "AUT"]
[BlackTeamCountry "AUT"]

1. e4 c5 2. Nf3 e6 3. c4 Nc6 4. Nc3 e5 5. g3 g6 6. a3 a5 7. d3 Bg7 8. Bg2 Nge7 9. 0-0 d6 10. Nh4 0-0 11. f4 exf4 12. gxf4 f5 13. Rb1 Nd4 14. Bd2 Nec6 15. Be1 fxe4 16. Nxe4 Kh8 17. Bg3 Nf5 18. Nxf5 Bxf5 19. Kh1 Qd7 20. Re1 Rae8 21. Qd2 b6 22. b3 d5 23. Nf2 Rxe1+ 24. Rxe1 Nd4 25. Qd1 a4 26. bxa4 dxc4 27. dxc4 Bc2 28. Qc1 Qxa4 29. Bd5 Re8 30. Ne4 Qd7 31. Ng5 h6 32. Ne6 Ba4 33. Nxg7 Kxg7 34. Re5 Bc6 35. f5 Nxf5 36. Qf4 Rf8 37. Qf3 Nxg3+ 38. Qxg3 Bxd5+ 39. Rxd5 Qf7 40. Qd3 Qf3+ 41. Qxf3 Rxf3 42. Rd7+ Rf7 43. Rd6 Rf4 44. Rxb6 Rxc4 45. Rc6 h5 46. Kg2 Kh6 47. a4 Rg4+ 48. Kf3 Rh4 49. Kg3 Rg4+ 50. Kf3 Rxa4 51. Rxc5 Rg4 52. h3 Rg5 53. Rc4 Ra5 54. h4 Rf5+ 55. Kg3 Rf1 56. Kg2 Ra1 57. Kg3 Ra3+ 58. Kg2 Rb3 1/2-1/2

[Event "AUT-chT2W 0708"]
[Site "Austria"]
[Date "2008.01.27"]
[Round "8.2"]
[White "Eybl, Alexander"]
[Black "Gaertner, Guntram"]
[Result "1/2-1/2"]
[WhiteElo "2273"]
[BlackElo "2328"]
[PlyCount "56"]
[EventDate "2007.10.06"]
[EventType "team-tourn"]
[EventRounds "11"]
[EventCountry "AUT"]
[SourceTitle "EXT 2009"]
[Source "ChessBase"]
[SourceDate "2008.11.26"]
[SourceVersion "1"]
[SourceVersionDate "2008.11.26"]
[SourceQuality "1"]
[WhiteTeam "Woergl"]
[BlackTeam "Hohenems II"]
[WhiteTeamCountry "AUT"]
[BlackTeamCountry "AUT"]

1. d4 d5 2. Bg5 c6 3. e3 h6 4. Bh4 Qb6 5. Qc1 e5 6. Nf3 e4 7. Nfd2 Ne7 8. c4 Nf5 9. Bg3 Nxg3 10. hxg3 Be6 11. Nc3 Be7 12. a3 0-0 13. b4 Nd7 14. Be2 f5 15. 0-0 Nf6 16. cxd5 cxd5 17. Na4 Qd8 18. Nc5 Bc8 19. Qb2 b6 20. Na6 Bd6 21. b5 Bxa6 22. bxa6 Rc8 23. a4 Rf7 24. Rfc1 Rfc7 25. Nb3 Rxc1+ 26. Rxc1 Rxc1+ 27. Nxc1 Qc7 28. Na2 Qc6 1/2-1/2

[Event "AUT-chT2W 0708"]
[Site "Austria"]
[Date "2007.11.17"]
[Round "4.2"]
[White "Eybl, Alexander"]
[Black "Fuchs, Georg"]
[Result "1/2-1/2"]
[WhiteElo "2273"]
[BlackElo "2221"]
[PlyCount "46"]
[EventDate "2007.10.06"]
[EventType "team-tourn"]
[EventRounds "11"]
[EventCountry "AUT"]
[SourceTitle "EXT 2009"]
[Source "ChessBase"]
[SourceDate "2008.11.26"]
[SourceVersion "1"]
[SourceVersionDate "2008.11.26"]
[SourceQuality "1"]
[WhiteTeam "Woergl"]
[BlackTeam "Schwaz"]
[WhiteTeamCountry "AUT"]
[BlackTeamCountry "AUT"]

1. Nf3 c5 2. e3 d5 3. Bb5+ Bd7 4. Bxd7+ Nxd7 5. d3 e5 6. e4 Ngf6 7. Nbd2 Qc7 8. 0-0 Be7 9. exd5 Nxd5 10. Re1 0-0-0 11. Nc4 f6 12. a4 N7b6 13. Nfd2 Nxc4 14. Nxc4 h5 15. a5 g5 16. a6 b6 17. Qf3 Qc6 18. Bd2 Nb4 19. Qf5+ Qd7 20. Qe4 Qd5 21. Qf5+ Qd7 22. Qe4 Qd5 23. Qf5+ Qd7 1/2-1/2

[Event "AUT-chT2W 0607"]
[Site "Austria"]
[Date "2007.03.04"]
[Round "11.1"]
[White "Eybl, Alexander"]
[Black "Jedinger, Andreas"]
[Result "1-0"]
[WhiteElo "2213"]
[BlackElo "2120"]
[PlyCount "53"]
[EventDate "2006.10.21"]
[EventType "team-tourn"]
[EventRounds "11"]
[EventCountry "AUT"]
[SourceTitle "EXT 2008"]
[Source "ChessBase"]
[SourceDate "2007.11.25"]
[SourceVersion "1"]
[SourceVersionDate "2007.11.25"]
[SourceQuality "1"]

1. d4 Nf6 2. Bg5 e6 3. e4 c5 4. e5 h6 5. Bc1 Nd5 6. c4 Nb4 7. d5 d6 8. a3 N4a6 9. Bf4 dxe5 10. Bxe5 Nd7 11. Bg3 Nf6 12. Nc3 Bd6 13. dxe6 Bxg3 14. exf7+ Kxf7 15. hxg3 Re8+ 16. Be2 Qb6 17. Qc1 Be6 18. Kf1 Qb3 19. Rh4 Rad8 20. Nf3 Bf5 21. Rf4 Bh7 22. Nd2 Qb6 23. Nd5 Rxe2 24. Nxb6 Rdxd2 25. Nd5 Bd3 26. Kg1 Bc2 27. Nc3 1-0

[Event "AUT-chT2W 0607"]
[Site "Austria"]
[Date "2007.03.03"]
[Round "10.6"]
[White "Thoeny, Hermann"]
[Black "Eybl, Alexander"]
[Result "1/2-1/2"]
[WhiteElo "2113"]
[BlackElo "2213"]
[PlyCount "30"]
[EventDate "2006.10.21"]
[EventType "team-tourn"]
[EventRounds "11"]
[EventCountry "AUT"]
[SourceTitle "EXT 2008"]
[Source "ChessBase"]
[SourceDate "2007.11.25"]
[SourceVersion "1"]
[SourceVersionDate "2007.11.25"]
[SourceQuality "1"]

1. d4 Nf6 2. Nf3 e6 3. g3 c5 4. Bg2 cxd4 5. Nxd4 a6 6. 0-0 Qc7 7. Nb3 Nc6 8. Bf4 d6 9. c4 b6 10. Nc3 Rb8 11. Rc1 Ne5 12. Ne4 Nxe4 13. Bxe4 Bb7 14. Bxb7 Rxb7 15. Nd4 Qd7 1/2-1/2

[Event "AUT-chT2W 0506"]
[Site "Austria"]
[Date "2006.03.19"]
[Round "11"]
[White "Eybl, Alexander"]
[Black "Fuchs, Georg"]
[Result "1/2-1/2"]
[WhiteElo "2260"]
[BlackElo "2242"]
[PlyCount "31"]
[EventDate "2005.10.08"]
[EventType "team-tourn"]
[EventRounds "11"]
[EventCountry "AUT"]
[SourceTitle "EXT 2007"]
[Source "ChessBase"]
[SourceDate "2006.11.23"]
[SourceVersion "1"]
[SourceVersionDate "2006.11.23"]
[SourceQuality "1"]
[WhiteTeam "Woergl"]
[BlackTeam "Innsbruck Rochade"]
[WhiteTeamCountry "AUT"]
[BlackTeamCountry "AUT"]

1. d4 Nf6 2. Bg5 Ne4 3. Bf4 d5 4. f3 Nd6 5. Nc3 e6 6. e4 c6 7. e5 Nf5 8. Qd2 c5 9. dxc5 Bxc5 10. 0-0-0 Bd7 11. Bd3 Ne7 12. Nge2 Qb6 13. Kb1 a5 14. a4 Na6 15. Bb5 Bc6 16. Nd4 1/2-1/2

[Event "AUT-chT2W 0506"]
[Site "Austria"]
[Date "2005.12.04"]
[Round "5"]
[White "Salvermoser, Bernd"]
[Black "Eybl, Alexander"]
[Result "1-0"]
[WhiteElo "2266"]
[BlackElo "2260"]
[PlyCount "79"]
[EventDate "2005.10.08"]
[EventType "team-tourn"]
[EventRounds "11"]
[EventCountry "AUT"]
[SourceTitle "EXT 2007"]
[Source "ChessBase"]
[SourceDate "2006.11.23"]
[SourceVersion "1"]
[SourceVersionDate "2006.11.23"]
[SourceQuality "1"]
[WhiteTeam "Absam"]
[BlackTeam "Woergl"]
[WhiteTeamCountry "AUT"]
[BlackTeamCountry "AUT"]

1. d4 Nf6 2. c4 e6 3. Nc3 d5 4. cxd5 exd5 5. Bg5 Be7 6. e3 0-0 7. Qc2 c6 8. Bd3 Nbd7 9. Nf3 Re8 10. 0-0 Nf8 11. Bxf6 Bxf6 12. b4 Bg4 13. b5 Re6 14. Bf5 Bxf5 15. Qxf5 Be7 16. bxc6 bxc6 17. Ne5 Qe8 18. Rab1 Bd6 19. Ng4 Qe7 20. h3 Ng6 21. g3 Qd7 22. f4 Ne7 23. Qd3 h5 24. Ne5 Bxe5 25. dxe5 Rg6 26. Kh2 Qf5 27. e4 dxe4 28. Qxe4 Rd8 29. Rfd1 Rxd1 30. Rxd1 c5 31. Rd8+ Kh7 32. Re8 Qxe4 33. Nxe4 Nf5 34. Ng5+ Rxg5 35. fxg5 c4 36. Rc8 Ne3 37. Kg1 Kg6 38. Kf2 Nd1+ 39. Ke2 Nb2 40. Rc7 1-0

[Event "AUT-chT2W 0506"]
[Site "Austria"]
[Date "2005.12.03"]
[Round "4"]
[White "Eybl, Alexander"]
[Black "Natter, Markus"]
[Result "1-0"]
[WhiteElo "2260"]
[BlackElo "2117"]
[PlyCount "63"]
[EventDate "2005.10.08"]
[EventType "team-tourn"]
[EventRounds "11"]
[EventCountry "AUT"]
[SourceTitle "EXT 2007"]
[Source "ChessBase"]
[SourceDate "2006.11.23"]
[SourceVersion "1"]
[SourceVersionDate "2006.11.23"]
[SourceQuality "1"]
[WhiteTeam "Woergl"]
[BlackTeam "Bregenz"]
[WhiteTeamCountry "AUT"]
[BlackTeamCountry "AUT"]

1. Nf3 b5 2. d4 Bb7 3. Bf4 e6 4. e3 b4 5. a3 a5 6. axb4 axb4 7. Nbd2 Nf6 8. Rxa8 Bxa8 9. Qa1 Nc6 10. Bxc7 Qc8 11. Bd3 Bb7 12. Bg3 d6 13. Nc4 Qc7 14. e4 Nh5 15. d5 Nxg3 16. hxg3 exd5 17. exd5 Nb8 18. Qa4+ Nd7 19. Ne3 g6 20. Rh4 Bg7 21. Re4+ Kd8 22. Qxb4 Nc5 23. Rc4 Re8 24. Kd1 Bh6 25. Rxc5 Qxc5 26. Qh4+ Kc7 27. Qxh6 Ra8 28. Qf4 Ra1+ 29. Ke2 Kb8 30. Qxf7 Qb4 31. Qe8+ Ka7 32. Qb5 1-0